| 000 | 00461nam a22001697a 4500 | ||
|---|---|---|---|
| 003 | CEME | ||
| 005 | 20210628202252.0 | ||
| 008 | 210301b xxu||||| |||| 00| 0 eng d | ||
| 040 | _c. | ||
| 082 | _a891.4391 KUL | ||
| 100 |
_aIqbal _917522 |
||
| 245 | _aKuliyat iqbal urdu | ||
| 260 | _bALFAISAL PUBLISHER | ||
| 300 | _a592P | ||
| 650 |
_aPOETRY-ALLAMA IQBAL.IQBAL POETRY BANG-E-DARA.BALE-E-JIBRAEL.ZERB-E-KALEEM.ARMUGAN-E-HIJAZ _959088 |
||
| 942 |
_cBK _2ddc |
||
| 999 |
_c569142 _d569142 |
||